000 00429pab a2200169 454500
008 180718b2014 xxu||||| |||| 00| 0 eng d
100 _aGatade, Subhash
245 _aWhere are the Emile Zolas of our times? On minority rights and state violence
260 _c2014
300 _ap.21-28.
362 _a22 Mar
650 _aViolence
650 _aMinority groups
773 _aMainstream
908 _aN
909 _a105487
999 _c105482
_d105482